Methodische Grundlagen für die Rekonstruktion der Tempelanlage von Tell Basta /

محفوظ في:

المؤلف الرئيسي: Tietze, Christian (مؤلف)

التنسيق: كتاب

اللغة: German
Arabic

منشور في: Potsdam : Universitätsbibliothek, 1994.

سلاسل: Arcus (Potsdam, Germany ) ; 1.

الموضوعات:

الوسوم: إضافة وسم

لا توجد وسوم, كن أول من يضع وسما على هذه التسجيلة!

رقم الطلب: DT73 .B8 A5 v.1

LEADER 00793nam a22002297a 4500
003 OSt
005 20251207112612.0
008 251207t1994 gw a 000 0 ger d
040 |c ARCE Library 
041 0 |a ger  |a ara  
050 1 4 |a DT73 .B8  |b A5 v.1 
100 1 |a Tietze, Christian,  |e author 
245 1 0 |a Methodische Grundlagen für die Rekonstruktion der Tempelanlage von Tell Basta /   |c Christian Tietze.  
246 1 4 |a Tell Basta :   |b methodische Grundlagen. 
264 1 |a Potsdam :   |b Universitätsbibliothek,   |c 1994. 
300 |a 54, 20 pages :   |b illustrations ;   |c 30 cm.  
490 0 |a Arcus (Potsdam, Germany ) ;   |v 1. 
650 0 |a Excavations (Archaeology)  |z Egypt  |z Bubastis Site.  
651 0 |a Bubastis Site (Egypt)  |x Antiquities. 
901 |a reviewed 
942 |c BK  |2 lcc 
999 |c 27886  |d 27886